Skip to main content
Your cart is empty.
Your lists
Log in to create your own lists
Your cookies
العربية
English
العربية
Home
Search
Advanced search
Authority search
About
The noble scholar, jurist, historian
His Excellency Dr. Abdul Wahhab bin Ibrahim Abu Sulaiman, may Allah have mercy on him.
He was born in Umm Al-Qura in the year 1356 AH.
Library catalog
Title
Author
Subject
ISBN
ISSN
Series
Call number
Log in to your account
×
Login:
Password:
Home
MARC view: جدة في شذرات الغزاوي /
Normal view
MARC view
ISBD view
جدة في شذرات الغزاوي / (Record no. 4484)
[
view plain
]
MARC details
000 -LEADER
fixed length control field
02017cam a2200349 i 4500
003 - CONTROL NUMBER IDENTIFIER
control field
SA-RiAUC
005 - DATE AND TIME OF LATEST TRANSACTION
control field
20250105142318.0
008 - FIXED-LENGTH DATA ELEMENTS--GENERAL INFORMATION
fixed length control field
250105s2010____su o g b 001 0 ara c
020 ## - INTERNATIONAL STANDARD BOOK NUMBER
International Standard Book Number
9786030052363
024 0# - OTHER STANDARD IDENTIFIER
Standard number or code
00000000295873
040 ## - CATALOGING SOURCE
Original cataloging agency
SA-RiDKA
Language of cataloging
ara
Transcribing agency
SA-RiAUC
Modifying agency
KAC
Description conventions
rda
043 ## - GEOGRAPHIC AREA CODE
Geographic area code
a-su---
050 #4 - LIBRARY OF CONGRESS CALL NUMBER
Item number
Y34 2010
082 04 - DEWEY DECIMAL CLASSIFICATION NUMBER
Classification number
953.123
Assigning agency
SA-RiAUC
090 ## - LOCALLY ASSIGNED LC-TYPE CALL NUMBER (OCLC); LOCAL CALL NUMBER (RLIN)
Classification number (OCLC) (R) ; Classification number, CALL (RLIN) (NR)
953.123
Local cutter number (OCLC) ; Book number/undivided call number, CALL (RLIN)
ي ا ف
100 1# - MAIN ENTRY--PERSONAL NAME
Personal name
اليافي، عدنان عبد البديع،
Dates associated with a name
1370 هجري-
Relator term
مؤلف.
245 10 - TITLE STATEMENT
Title
جدة في شذرات الغزاوي /
Statement of responsibility, etc.
عدنان عبد البديع اليافي.
250 ## - EDITION STATEMENT
Edition statement
الطبعة الأولى.
264 #1 - PRODUCTION, PUBLICATION, DISTRIBUTION, MANUFACTURE, AND COPYRIGHT NOTICE
Place of production, publication, distribution, manufacture
جدة، السعودية :
Name of producer, publisher, distributor, manufacturer
عدنان عبد البديع اليافي،
Date of production, publication, distribution, manufacture, or copyright notice
2010
300 ## - PHYSICAL DESCRIPTION
Extent
247 صفحة :
Other physical details
صور ؛
Dimensions
24 × 17 سم
336 ## - CONTENT TYPE
Content type term
نص
Content type code
txt
Source
rdacontent
Materials specified
كتاب
337 ## - MEDIA TYPE
Media type term
بدون وسيط
Media type code
n
Source
rdamedia
338 ## - CARRIER TYPE
Carrier type term
مجلد
Carrier type code
nc
Source
rdacarrier
500 ## - GENERAL NOTE
General note
تصميم الغلاف : م. أماني رشدي.
500 ## - GENERAL NOTE
General note
يشتمل على كشافات.
504 ## - BIBLIOGRAPHY, ETC. NOTE
Bibliography, etc. note
يشتمل على ببليوجرافية.
505 0# - FORMATTED CONTENTS NOTE
Formatted contents note
المحتويات : تقديم-توطئة-جدة : النشأة، التاريخ-جدة : الموقع والمناخ-جدة : التاريخ والمؤرخون-ما قيل عن الغزاوي-أحمد إبراهيم الغزاوي، مسيرة حياة-جدة في شزرات الغزاوي-جدة حين يتغنى بها الشعراء، قصيدة قصة الماء في جدة للشاعر أحمد إبراهيم الغزازي، أبيات شعر في وصف جدة للشاعر أحمد قنديل، جدة للشاعر حمزة شحاتة، جدة غير للشاعر طلال حمزة ... وموضعات أخرى.
651 #7 - SUBJECT ADDED ENTRY--GEOGRAPHIC NAME
Geographic name
جدة (السعودية)
General subdivision
تاريخ
Source of heading or term
aucsh
700 12 - ADDED ENTRY--PERSONAL NAME
Relationship information
شرح لـ (عمل) :
Personal name
الغزاوي، أحمد بن إبراهيم،
Dates associated with a name
1318-1401 هجري.
Title of a work
شذرات الذهب.
942 ## - ADDED ENTRY ELEMENTS (KOHA)
Source of classification or shelving scheme
Dewey Decimal Classification
Koha item type
Books
Suppress in OPAC
No
949 ## - LOCAL PROCESSING INFORMATION (OCLC)
a
SA-JeALM
d
250105
u
mohamedma123
n
1
Holdings
Withdrawn status
Lost status
Source of classification or shelving scheme
Damaged status
Not for loan
Home library
Current library
Date acquired
Total checkouts
Full call number
Barcode
Date last seen
Price effective from
Koha item type
Dewey Decimal Classification
DR AbdElwahab Library
DR AbdElwahab Library
01/05/2025
953.123 ي ا ف
000007072
01/05/2025
01/05/2025
Books
Dewey Decimal Classification
DR AbdElwahab Library
DR AbdElwahab Library
06/04/2025
953.123 ي ا ف
000014330
06/04/2025
06/04/2025
Books
Dewey Decimal Classification
DR AbdElwahab Library
DR AbdElwahab Library
07/16/2025
953.123 ي ا ف
000016155
07/16/2025
07/16/2025
Books
Place hold
Print
Add to your cart
(remove)
Save record
BIBTEX
Dublin Core
MARCXML
MARC (non-Unicode/MARC-8)
MARC (Unicode/UTF-8)
MARC (Unicode/UTF-8, Standard)
MODS (XML)
RIS
ISBD
More searches
Search for this title in:
Other Libraries (WorldCat)
Other Databases (Google Scholar)
Online Stores (Bookfinder.com)
Open Library (openlibrary.org)
Exporting to Dublin Core...
×
Simple DC-RDF
OAI-DC
SRW-DC